000 00746cam a2200217 i 4500
005 20251230122653.0
008 250721s1993 ua gr 000 0 ara d
082 1 4 _a218,6320962
_bو ل ى
100 1 _aقلادة، وليم سليمان
_eمؤلف.
245 1 2 _aالمسيحية والإسلام في مصر ودراسات أخرى /
_cد.وليم سليمان قلادة.
250 _aالطبعة الثانية.
264 3 1 _aالقاهرة :
_bسينا للنشر،
_c1993.
300 _a302 صفحة.
650 1 7 _aالديانات المقارنة.
650 1 7 _aالمسيحية.
650 1 7 _aمصر.
650 1 7 _aالإسلام.
650 1 7 _aالديانات.
942 _2ddc
_cBK
999 _c5241
_d5241